000 08345nam a2201777 c 4500
001 a6817539
003 PE-LiUPU
005 20250813170012.0
008 210305s2021 sp a | |||| 000 0 spa
020 _a9788491136781
040 _aPE-LiUPU
_bspa
_cPE-LiUPU
_erda
082 _223
_a610.7343
_bM294
130 0 _aManual práctico de enfermería comunitaria
245 1 0 _aManual práctico de enfermería comunitaria /
_cJosé Ramón Martínez-Riera, Rafael del Pino Casado
250 _a2.ª edición
264 1 _aBarcelona, España
_bElsevier,
_c[2021]
264 4 _c©2021
300 _aXXII, 728 páginas
_bilustraciones (blanco y negro), gráficos (blanco y negro)
_c24 cm
336 _aTexto
_2rdacontent
337 _asin mediación
_2rdamedia
338 _avolumen
_2rdacarrier
500 _a"Asociación de Enfermería Comunitaria"--Cubierta
504 _aIncluye referencias bibliográficas
505 _aAccesibilidad -- Accidentes en prsonas mayores : las caídas y su prevención -- Activos de salud en el trabajo comunitario -- Aerosoles -- Agente de salud -- Ancian o frágil -- Atención a la mujer en la edad media de la vida. Valoración y cuidados de enfermería a la mujer en el climaterio -- Atención a la población infantil y adolescente en atención comunitaria -- Atención a la sexualidad humana en enfermería comunitaria -- Atención domiciliaria -- Atención familiar domiciliaria: evaluación -- Atención familiar domiciliaria: planificación -- Atención integral, integrada e integradora biopsicosocial y espiritual -- Atención primaria de salud: perspectivas de futuro -- Bienestar: la medición de la calidad de vida relacionada con la salud -- Calidad asistencial: concepto -- Calidad en enfermería familiar y comunitaria -- Calidad, evaluación y mejora -- Cartera de servicios – Competencias en cuidados – Comunidad – Consulta enfermera – Continuidad de cuidados: nuevas figuras de gestión – Control de la salud infantil – Cronicidad: implicación y abordaje en atención primaria – Cuidadora familiar – Cuidados complementarios para la salud -- Declaración de Alma-Ata -- Demografía y salud -- Diabetes: educación para la salud -- Diabetes mellitus -- Diagnóstico de salud -- Diagnóstico enfermero: líneas futuras de desarrollo e investigación -- Discapacidad: valoración -- Duelo y sus fases -- Educación para la salud -- Electrocardiograma -- Emergencias en atención primaria -- Enfermedad de Alzheimer – Enfermedad pulmonar obstructiva crónica – Enfermera comunitaria –Enfermería basada en las evidencias – Entrevista – Envejecimiento – Epidemiología en atención primaria: aportaciones – Epidemiología en atención primaria: concepto y método – Escalas de valoración – Espirometría: pruebas funcionales respiratorias – Estilos de vida – Ética de la atención en enfermería – Extracción de muestras de sangre – Familia: Funciones – Familia y ciclo vital – Familia y estructura – Familia y salud – Género y salud – Genograma familiar – Gestión de los cuidados – Grupales, actividades – Guías de práctica clínica y otros procedimientos de estandarización de los cuidados – Heridas: cuidados – Hipertensión arterial: Educación para la salud – Historia clínica en atención primaria – Humanización en atención primaria – Interrrelación – Intersectorialidad – Intervención comunitaria – Investigación acción participativa y appreciative inquiry – Investigación cuantitativa frente a cualitativa – Investigación enfermera en atención primaria: prioridades – Inyectable: técnica – Jóvenes y drogas – Jóvenes y trastornos de la conducta alimentaria – Lactancia materna – Lenguajes estandarizados enfermeros en atención primaria – Lesiones no intencionadas en pediatría – Medidas de asociación o tamaño del efecto – Medidas de frecuencia – Medidas de impacto – Metodología de cuidados en atención primaria: análisis de la situación y propuestas de mejora – Métodos anticonceptivos – Multiculturalidad -- Necesidades en salud -- Nutrición y alimentación: evidencia en las recomendaciones y nuevas aportaciones metodológicas -- Obesidad: atención enfermera -- Observación -- Organización de los cuidados -- Osteoarticulares, enfermedades: atención enfermera -- Ostomías -- Oxigenoterapia -- Paciente con necesidades paliativas: atención enfermera -- Participación comunitaria en salud -- Políticas de salud – Precauciones estándar – Prescripción enfermera en atención primaria – Programas de salud – Promoción de salud – Quemaduras – Reanimación cardiopulmonar básica – Redes sociales – Salud-enfermedad: conceptos sociales – Salud escolar: la enfermera escolar Salud maternal: atención – Salud pública: funciones -- Salutogénesis – Sociosanitario, aportaciones de la gestión de casos – Sociosanitario, espacio -- Sondaje nasogástrico -- Sondaje vesical -- Suturas cutáneas -- Tabaco: intervención enfermera -- Taponamiento nasal y epistaxis -- Tapones de cerumen, extracción -- Toma de presión arterial -- Trabajo en equipo -- Ulceras por presión: una guía para el tratamiento en atención domiciliaria -- Úlceras por presión: prevención – Vacunas – Vendajes -- Vigilancia epidemiológica: redes centinela --Violencia de género – Yatrogenia.
526 _aP203
526 _aP200
526 _aSEG65
526 _aSEG64
526 _aSEG63
526 _aSEG62
526 _aSEG61
526 _aSEG60
526 _aSEG59
526 _aSEG58
526 _aSEG57
526 _aSEG56
526 _aSEG55
526 _aSEG54
526 _aSEG53
526 _aSEG52
526 _aSEG51
526 _aSEG50
526 _aSEG49
526 _aSEG48
526 _aSEG47
526 _aSEG46
526 _aSEG24
526 _aSEG23
526 _aSEG22
526 _aSEG21
526 _aSEG20
526 _aSEG19
526 _aSEG18
526 _aSEG17
526 _aSEG16
526 _aSEG14
526 _aSEG13
526 _aSEG12
526 _aSEG11
526 _aSEG10
526 _aSEG09
526 _aSEG06
526 _aSEG05
526 _aSEG04
526 _aSEG03
526 _aSEG02
526 _aSEG68
526 _aSEG66
526 _aSEG45
526 _aSEG25
526 _aSEG01
526 _aP163
526 _aP162
526 _aP161
526 _aP160
526 _aP159
526 _aP158
526 _aP157
526 _aP156
526 _aP155
526 _aP154
526 _aP153
526 _aP152
526 _aP151
526 _aP150
526 _aP149
526 _aP142
526 _aP141
526 _aP140
526 _aP139
526 _aP138
526 _aP137
526 _aP132
526 _aP131
526 _aP130
526 _aP126
526 _aP125
526 _aP124
526 _aP123
526 _aP115
526 _aP122
526 _aP121
526 _aP116
526 _a P114
526 _aP112
526 _aP111
526 _aP104
526 _aP103
526 _aP102
526 _aP101
526 _aP100
526 _aP96
526 _aP95
526 _aP93
526 _aP92
526 _aP91
526 _aP88
526 _aP83
526 _aP82
526 _aP79
526 _aP78
526 _aP75
526 _aP74
526 _aP71
526 _aP69
526 _a P51
526 _aP49
526 _aP48
526 _aP47
526 _aP33
526 _aP31
526 _a P30
526 _aP29
526 _aP27
526 _aP26
526 _aP25
526 _aP24
526 _a P22
526 _aP10
526 _aP09
526 _a P08
526 _aP06
526 _aP05
526 _aP04
526 _aP01
650 7 _aEnfermería de atención primaria
_2embne
700 1 _aMartínez Riera, José Ramón
_d1958-
_edirector de la publicación
_eautor
_4pbd
_4aut
700 1 _aPino Casado, Rafael del
_edirector de la publicación
_eautor
_4pbd
_4aut
942 _2ddc
_cBK
_n0
980 _618226
_aJaime Vilcazán Jefe de Análisis Documental
_81
_gALBERTO SANCHEZ Responsable de Automatización
999 _c61646
_d61646